| 000 | 00850cam a22002654a 4500 | ||
|---|---|---|---|
| 005 | 20251003084655.0 | ||
| 020 |
_a0471228761 _cTZS 8,000/= |
||
| 020 | _a9780471228769 | ||
| 040 |
_aMCCL _beng. _eAACR 2nd rev. ed. |
||
| 082 | 0 | 0 | _a658.1511 JIA |
| 100 | 1 | _aJiambalvo, James | |
| 245 | 1 | 0 |
_aManagerial accounting / _cJames Jiambalvo. |
| 250 | _a2nd ed. | ||
| 260 |
_aHoboken, NJ : _bJohn Wiley & Sons, _cc2004. |
||
| 300 |
_axxxi, 512 p. : _bcol., ill. ; _c26 cm. |
||
| 500 | _aIncludes index. | ||
| 504 | _aIncludes index. | ||
| 546 | _aeng. | ||
| 650 | 0 | _aManagerial accounting. | |
| 700 | _aJiambalvo, J. | ||
| 856 | 4 | 2 | _uhttp://www.loc.gov/catdir/bios/wiley046/2003065004.html |
| 856 | 4 | 2 | _uhttp://www.loc.gov/catdir/description/wiley041/2003065004.html |
| 856 | 4 | 1 | _uhttp://www.loc.gov/catdir/toc/wiley041/2003065004.html |
| 942 | _cBK | ||
| 999 |
_c11672 _d11672 |
||